[Event "REG 1 - Foix-Auch"]
[Site "Villeneuve"]
[Date "2007.04.01"]
[Round "7"]
[White "Pokee, Michèle"]
[Black "Durrieu, Etiennette"]
[Result "1-0"]
[WhiteElo "1340"]
[BlackElo "1070"]
[EventDate "2007.??.??"]
[PlyCount "47"]
[WhiteTeam "Auch"]
[BlackTeam "Foix"]

1.e4 e5 2.Nf3 Nc6 3.d4 d6 4.dxe5 Be6 5.Bb5 Ne7 6.exd6 Qxd6 7.Qxd6 cxd6 8.
O-O g6 9.e5 d5 10.Nd4 a6 11.Bxc6+ bxc6 12.Bg5 Nf5 13.c3 Bg7 14.f4 Ne3 15.
Rc1 h6 16.Bf6 Kf8 17.Bxg7+ Kxg7 18.Nd2 Rab8 19.Rab1 Nf5 20.N2b3 Rhe8 21.
Nc5 Rb5 22.Nxa6 Rb6 23.Nc5 Rd8 24.Ncxe6+ 1-0

[Event "REG 1 - Foix-Auch"]
[Site "Villeneuve"]
[Date "2007.04.01"]
[Round "7"]
[White "Pintard, Daniel"]
[Black "Rouede, Gilbert"]
[Result "0-1"]
[WhiteElo "1499"]
[BlackElo "1820"]
[EventDate "2007.??.??"]
[PlyCount "62"]
[WhiteTeam "Foix"]
[BlackTeam "Auch"]

1.e4 c5 2.Bc4 Nc6 3.Nf3 e6 4.c3 d6 5.d4 cxd4 6.cxd4 Nf6 7.Nc3 Qc7 8.Bf4 e5
9.Bg3 Be7 10.O-O O-O 11.h3 Nxd4 12.Nxd4 Qxc4 13.Nf5 Bxf5 14.exf5 a6 15.Rc1
Rac8 16.Re1 Qb4 17.Re2 Rc6 18.Bh4 Qxh4 19.Rec2 Rfc8 20.Qf3 e4 21.Qe3 Bf8 
22.a4 d5 23.Qe2 d4 24.Na2 d3 25.Qe3 Rxc2 26.Rxc2 Rxc2 27.Nb4 Bxb4 28.Qb6 
Rc1+ 29.Kh2 Qf4+ 30.g3 Qf3 31.Qd8+ Bf8 0-1

[Event "REG 1 - Foix-Auch"]
[Site "Villeneuve"]
[Date "2007.04.01"]
[Round "7"]
[White "Fonteny, Matthieu"]
[Black "Sadones, Thibault"]
[Result "1-0"]
[WhiteElo "1370"]
[BlackElo "1400"]
[EventDate "2007.??.??"]
[PlyCount "39"]
[WhiteTeam "Foix"]
[BlackTeam "Auch"]

1.e4 e6 2.d4 d5 3.Nc3 dxe4 4.Nxe4 Nf6 5.Nxf6+ Qxf6 6.Nf3 c5 7.Bd3 Nc6 8.
Bg5 Qxf3 9.gxf3 Nxd4 10.c3 Nc6 11.Bb5 Bd7 12.Qe2 a6 13.Bxc6 Bxc6 14.O-O-O 
Be7 15.Rhg1 g6 16.Bxe7 Kxe7 17.Qe5 Bxf3 18.Qc7+ Ke8 19.Rd7 Rf8 20.Re7# 1-0

[Event "REG 1 - Foix-Auch"]
[Site "Villeneuve"]
[Date "2007.04.01"]
[Round "7"]
[White "Bougoin, Blaise"]
[Black "Verwaerde, Jolanthe"]
[Result "0-1"]
[WhiteElo "1530"]
[BlackElo "1410"]
[EventDate "2007.??.??"]
[PlyCount "52"]
[WhiteTeam "Auch"]
[BlackTeam "Foix"]

1.e4 d5 2.exd5 Qxd5 3.Nc3 Qd6 4.d3 Nf6 5.Ne4 Nxe4 6.dxe4 Qxd1+ 7.Kxd1 e5 
8.Bd3 Nc6 9.Bb5 Bd7 10.Bxc6 Bxc6 11.f3 O-O-O+ 12.Ke2 Bb5+ 13.Kf2 Bc5+ 14.
Be3 Rd2+ 15.Kg3 Bxe3 16.Nh3 h5 17.f4 exf4+ 18.Nxf4 Bxf4+ 19.Kxf4 Rxc2 20.
a4 Bc6 21.b4 Rxg2 22.b5 Rg4+ 23.Ke3 Bxe4 24.Rhg1 Re8 25.Rxg4 Bf5+ 26.Kd4 
Bxg4 0-1

[Event "REG 1 - Foix - Auch"]
[Site "Villeneuve"]
[Date "2007.04.01"]
[Round "7"]
[White "Devecchi, Jorge"]
[Black "Portet, Benoit"]
[Result "1-0"]
[WhiteElo "1890"]
[BlackElo "1480"]
[EventDate "2007.??.??"]
[PlyCount "43"]
[WhiteTeam "Auch"]
[BlackTeam "Foix"]

1.e4 e6 2.d4 d5 3.e5 c5 4.c3 Nc6 5.Nf3 Qb6 6.Bd3 cxd4 7.cxd4 Bd7 8.O-O 
Nxd4 9.Nxd4 Qxd4 10.Nc3 Qxe5 11.Re1 Qd6 12.Nb5 Qb8 13.Qf3 Bd6 14.Qxd5 
Bxh2+ 15.Kh1 Bc6 16.Qh5 Bf4 17.Rxe6+ Ne7 18.Bxf4 Qxf4 19.Rae1 Qxf2 20.
Rxe7+ Kd8 21.Qh2 Rc8 22.Qd6+ 1-0

[Event "R1A Cahors-Castres"]
[Site "Villeneuve"]
[Date "2007.04.01"]
[Round "7.6"]
[White "Andreu, David"]
[Black "Delmas, Jean"]
[Result "1/2-1/2"]
[WhiteElo "1440"]
[BlackElo "1760"]
[EventDate "2007.??.??"]
[PlyCount "111"]

1.e4 e5 2.Nf3 Nc6 3.Bc4 Be7 4.c3 Nf6 5.d3 d6 6.Nbd2 Bg4 7.O-O O-O 8.Re1 a6
9.Bb3 Qd7 10.Nf1 b5 11.h3 Be6 12.Ng3 Na5 13.Bxe6 Qxe6 14.d4 exd4 15.cxd4 
c5 16.d5 Qd7 17.Nf5 Bd8 18.Bf4 Nb7 19.Qd2 Ba5 20.Qe3 Bxe1 21.Rxe1 Rfe8 22.
Nxg7 Rxe4 23.Qd2 Rxe1+ 24.Nxe1 Ne4 25.Qe3 f5 26.Nh5 Qf7 27.Ng3 Qg6 28.Nf3 
Nxg3 29.Bxg3 Re8 30.Qd3 Re4 31.Nh4 Qh5 32.f3 Rxh4 33.Bxh4 Qxh4 34.Qxf5 
Qe1+ 35.Kh2 Qe5+ 36.Qxe5 dxe5 37.Kg3 Kg7 38.f4 exf4+ 39.Kxf4 Kf6 40.g4 c4 
41.g5+ Kg6 42.a3 a5 43.Ke5 Kxg5 44.Kd4 Nd6 45.Kc5 Kf4 46.Kxd6 b4 47.axb4 
axb4 48.Ke6 c3 49.bxc3 bxc3 50.d6 c2 51.d7 c1=Q 52.d8=Q Qc4+ 53.Ke7 Qc5+ 
54.Kf7 Qf5+ 55.Kg7 Qg6+ 56.Kh8 1/2-1/2

[Event "R1A Cahors-Castres"]
[Site "Villeneuve"]
[Date "2007.04.01"]
[Round "7.5"]
[White "Dehaine, Guy"]
[Black "Sandel, Friedel"]
[Result "1-0"]
[WhiteElo "1860"]
[BlackElo "1500"]
[EventDate "2007.??.??"]
[PlyCount "103"]

1.e4 e6 2.Nf3 d5 3.exd5 exd5 4.d4 Nf6 5.Nc3 Nc6 6.Be2 Be6 7.Be3 Bd6 8.h3 
O-O 9.Nb5 Re8 10.Nxd6 Qxd6 11.Bd3 h6 12.a3 a6 13.Qd2 Ne4 14.Bxe4 dxe4 15.
Nh2 Bd5 16.Ng4 Kh7 17.Bf4 e3 18.Bxe3 Bxg2 19.Rg1 Qxd4 20.Rxg2 Qe4 21.Qd3 
Qxd3 22.cxd3 Nd4 23.O-O-O Nf5 24.Kd2 h5 25.Nh2 Rad8 26.Rdg1 g6 27.Nf3 Kg7 
28.Rg5 Kf6 29.R5g2 b6 30.Bg5+ Kg7 31.Bxd8 Rxd8 32.Rc1 c5 33.Rc4 f6 34.b4 
Nd6 35.Rh4 Kh6 36.bxc5 bxc5 37.Ra4 c4 38.Rxa6 Ne4+ 39.Kc2 cxd3+ 40.Kd1 
Nc3+ 41.Ke1 Ne4 42.Nd2 Nd6 43.a4 g5 44.Rg3 Ne8 45.Re3 Kg6 46.Rb6 g4 47.
hxg4 hxg4 48.a5 Kg5 49.a6 Nc7 50.Ne4+ Kh4 51.Rxf6 Kh5 52.Rd6 1-0

[Event "R1A Cahors-Castres"]
[Site "Villeneuve"]
[Date "2007.04.01"]
[Round "7.4"]
[White "Stas, Jean"]
[Black "Rouqual, Guy"]
[Result "0-1"]
[WhiteElo "1620"]
[BlackElo "1770"]
[EventDate "2007.??.??"]
[PlyCount "114"]

1.d4 d5 2.Nf3 Nf6 3.e3 c6 4.c4 e6 5.Nbd2 Nbd7 6.Bd3 dxc4 7.Nxc4 b5 8.Ncd2 
a6 9.O-O Bb7 10.Re1 c5 11.b3 cxd4 12.exd4 Nc5 13.Bc2 Ncd7 14.Bb2 Nb6 15.
Ne4 Bb4 16.Nxf6+ Qxf6 17.Re5 Bxf3 18.Qxf3 Qxf3 19.gxf3 O-O 20.a3 Bd6 21.
Ree1 Rac8 22.Be4 Rc7 23.Rac1 Rfc8 24.Rxc7 Rxc7 25.Rc1 Rxc1+ 26.Bxc1 Nd5 
27.Bxd5 exd5 28.Kg2 f6 29.f4 g6 30.Kf3 Kf7 31.b4 Ke6 32.Kg4 h5+ 33.Kf3 Kf5
34.h3 h4 35.Bd2 Bc7 36.Bc1 a5 37.a4 bxa4 38.b5 Bd6 39.Bd2 a3 40.Bxa5 Bxf4 
41.b6 a2 42.Bc3 Bb8 43.Ke3 Ke6 44.Kd3 Kd6 45.Kc2 Kc6 46.Kb2 Kxb6 47.Kxa2 
Kb5 48.Kb3 Ba7 49.f3 Bb8 50.Bb4 Bf4 51.Be7 Bg5 52.f4 Bxf4 53.Bxf6 g5 54.
Kc3 g4 55.Be5 Bxe5 56.dxe5 gxh3 57.e6 Kc6 0-1

[Event "R1A Cahors-Castres"]
[Site "Villeneuve"]
[Date "2007.04.01"]
[Round "7.3"]
[White "Van Hall, Pieter"]
[Black "Buiten, Herman"]
[Result "1-0"]
[WhiteElo "1840"]
[BlackElo "1790"]
[EventDate "2007.??.??"]
[PlyCount "89"]

1.c4 d6 2.Nc3 g6 3.g3 Bg7 4.Bg2 Nf6 5.e4 Nbd7 6.Nge2 O-O 7.O-O e5 8.d3 a6 
9.b4 Rb8 10.a4 b6 11.Bd2 c5 12.b5 a5 13.Bg5 Bb7 14.Qd2 Qe8 15.Nd1 Nh5 16.
Rc1 Qe6 17.Nec3 Bf6 18.Nd5 Bxg5 19.Qxg5 Bxd5 20.cxd5 Qf6 21.Qxf6 Ndxf6 22.
Ne3 Rfd8 23.Nc4 Ng7 24.f4 exf4 25.Rxf4 Ngh5 26.Rf2 Ng4 27.Rf3 Ne5 28.Nxe5 
dxe5 29.Rcf1 Rf8 30.Bh3 Rbd8 31.Bg4 Ng7 32.Rf6 Rb8 33.Rc6 f5 34.Bh3 Rfd8 
35.exf5 Nxf5 36.Bxf5 gxf5 37.d6 e4 38.Rxf5 exd3 39.Rd5 Kf7 40.Rxd3 Rd7 41.
Re3 Kf6 42.Kf2 Rbb7 43.Kf3 Kg5 44.g4 Kf6 45.Kf4 1-0

[Event "R1A Cahors-Castres"]
[Site "Villeneuve"]
[Date "2007.04.01"]
[Round "7.2"]
[White "Carivenc, Thierry"]
[Black "Nivat, Alain"]
[Result "1-0"]
[WhiteElo "1740"]
[BlackElo "1873"]
[EventDate "2007.??.??"]
[PlyCount "45"]

1.d4 d5 2.Nf3 e6 3.e3 Nf6 4.b3 Bb4+ 5.c3 Bd6 6.Bb2 O-O 7.Bd3 Ne4 8.Nbd2 f5
9.O-O Nd7 10.c4 c6 11.Ne5 Qh4 12.f3 Nxd2 13.Qxd2 Nf6 14.Rf2 Nh5 15.g3 Qe7 
16.Raf1 Bd7 17.g4 Nf6 18.Rg2 g6 19.gxf5 exf5 20.Qc2 Be6 21.Bxf5 Bxf5 22.
Qxf5 Qg7 23.Nxg6 1-0

[Event "R1A  Cahors-Castres"]
[Site "Villeneuve"]
[Date "2007.04.01"]
[Round "7.1"]
[White "Thamier, Stephan"]
[Black "Scandella, Thierry"]
[Result "0-1"]
[WhiteElo "1900"]
[BlackElo "2131"]
[EventDate "2007.??.??"]
[PlyCount "112"]

1.e4 e5 2.Bc4 Nf6 3.d3 c6 4.Bg5 Be7 5.Bxf6 Bxf6 6.Nc3 O-O 7.Nf3 d6 8.O-O 
Bg4 9.h3 Bh5 10.Qe2 Nd7 11.Qe3 h6 12.Rab1 b5 13.Bb3 Nc5 14.Ne2 Re8 15.c3 
Nxb3 16.axb3 Qb6 17.Ng3 Bg6 18.Rfd1 Bd8 19.Qe2 a5 20.Ra1 Bf6 21.Nd2 d5 22.
Kh2 Ra7 23.f3 Rea8 24.Ngf1 Be7 25.Ne3 Rd8 26.Kh1 f6 27.Qe1 Bf7 28.Nf5 Bf8 
29.Qg3 Kh7 30.f4 exf4 31.Qxf4 Qb8 32.Qf2 dxe4 33.dxe4 Ra8 34.Nd4 Qb7 35.
Rab1 c5 36.Nf5 Rd3 37.Qe2 Rad8 38.c4 Qd7 39.cxb5 Rxd2 40.Rxd2 Qxd2 41.Qxd2
Rxd2 42.b6 Bxb3 43.b7 Rd8 44.Re1 Rb8 45.e5 Rxb7 46.e6 Be7 47.Re2 g6 48.Nh4
Rb6 49.Nf3 Rxe6 50.Rd2 Kg7 51.Rd7 Kf7 52.Rc7 f5 53.Ra7 a4 54.Rd7 Kf6 55.
Nd2 Re1+ 56.Kh2 Ke6 0-1

[Event "R1 - Muret2/Tournefeuille3"]
[Site "Villeneuve"]
[Date "2007.04.01"]
[Round "7"]
[White "Riviere, Gerard"]
[Black "Moisselin, S."]
[Result "1-0"]
[WhiteElo "1640"]
[BlackElo "1390"]
[EventDate "2007.??.??"]
[PlyCount "45"]

1.d4 Nf6 2.c4 g6 3.Nf3 Bg7 4.Nc3 d6 5.Bg5 h6 6.Bh4 O-O 7.e3 Bg4 8.Be2 Nbd7
9.O-O c5 10.h3 Bf5 11.Re1 Nb6 12.Nd2 cxd4 13.exd4 d5 14.c5 Nc8 15.Bf3 Re8 
16.Rc1 b6 17.b4 a5 18.b5 Bd3 19.a4 Nd7 20.c6 Nb8 21.Nxd5 Qd6 22.Bg3 Qa3 
23.Rc3 1-0

[Event "R1 - Muret2/Tournefeuille3"]
[Site "Villeneuve"]
[Date "2007.04.01"]
[Round "7"]
[White "Phan, Van-Chuong"]
[Black "Moisselin, JM."]
[Result "1-0"]
[WhiteElo "1860"]
[BlackElo "1550"]
[EventDate "2007.??.??"]
[PlyCount "93"]

1.Nf3 d5 2.c4 dxc4 3.Qa4+ Bd7 4.Qxc4 Nf6 5.g3 b5 6.Qc3 e6 7.Bg2 Nd5 8.Qb3 
c5 9.a3 c4 10.Qd1 Nc6 11.Nc3 Be7 12.Nxb5 O-O 13.O-O Rb8 14.Nc3 Na5 15.Nxd5
exd5 16.Nd4 Bf6 17.e3 Bxd4 18.exd4 Nb3 19.Rb1 Bf5 20.d3 Bxd3 21.Bf4 Rb6 
22.Qh5 Bxb1 23.Rxb1 Rb5 24.Be3 Na5 25.Bd2 Nc6 26.Bc3 Ne7 27.Re1 Ng6 28.a4 
Rb8 29.Bxd5 Rc8 30.Bb7 Rb8 31.Be4 Qd7 32.a5 f5 33.Bg2 Rb5 34.Qe2 Qc7 35.
Qe6+ Kh8 36.Bc6 Rbb8 37.Qxc4 f4 38.d5 fxg3 39.hxg3 Qf7 40.Qd4 Ne7 41.Re4 
Nxc6 42.dxc6 Rbd8 43.Qe3 Rd1+ 44.Kg2 Qh5 45.Rh4 Qd5+ 46.Qe4 Qb5 47.Qxh7# 
1-0

[Event "R1 - Muret2/Tournefeuille3"]
[Site "Villeneuve"]
[Date "2007.04.01"]
[Round "7"]
[White "Martet, JP."]
[Black "Rahal, S."]
[Result "0-1"]
[WhiteElo "1499"]
[BlackElo "1800"]
[EventDate "2007.??.??"]
[PlyCount "56"]

1.e4 b6 2.Nf3 Bb7 3.Nc3 e6 4.d3 Nf6 5.h3 Be7 6.a3 c5 7.Be2 O-O 8.Bg5 d5 9.
Bxf6 Bxf6 10.e5 Be7 11.d4 Nd7 12.Bb5 cxd4 13.Qxd4 Bc5 14.Qd2 d4 15.Ne2 
Bxf3 16.gxf3 Nxe5 17.Ng1 Qd5 18.Be2 a5 19.Rh2 Bd6 20.Rg2 Ng6 21.O-O-O Bf4 
22.Rg4 Bxd2+ 23.Rxd2 e5 24.b3 Rac8 25.Bc4 Qc5 26.Kb2 b5 27.Bd3 Qc3+ 28.Kc1
Qa1# 0-1

[Event "R1 - Muret2/Tournefeuille3"]
[Site "Villeneuve"]
[Date "2007.04.01"]
[Round "7"]
[White "Levy, H."]
[Black "Flourac, JP."]
[Result "1-0"]
[WhiteElo "1199"]
[BlackElo "1670"]
[EventDate "2007.??.??"]
[PlyCount "120"]

1.e4 Nf6 2.Nc3 d5 3.e5 d4 4.exf6 dxc3 5.fxe7 cxd2+ 6.Bxd2 Bxe7 7.Qh5 Bf6 
8.Qb5+ c6 9.Qb4 Qd4 10.Qxd4 Bxd4 11.c3 Bf6 12.Nf3 O-O 13.g3 Re8+ 14.Be3 
Bf5 15.Rd1 Nd7 16.Bg2 Nb6 17.Nd4 Be4 18.O-O Bxg2 19.Kxg2 Nc4 20.Bc1 Rad8 
21.b3 Nb6 22.Be3 Nd5 23.Bd2 c5 24.Nb5 a6 25.c4 axb5 26.cxd5 Rxd5 27.Be3 
Red8 28.Rc1 b6 29.Bf4 Be5 30.Bg5 f6 31.Be3 Bb2 32.Rce1 Bc3 33.Re2 Kf7 34.
Bf4 Re8 35.Rc2 Ba5 36.Rb2 Bb4 37.Bc7 Re6 38.Rc2 Rd4 39.Ra1 Rd7 40.Bf4 Ba3 
41.Be3 g5 42.Re2 Red6 43.Rae1 Bb4 44.Rf1 Rd1 45.Rxd1 Rxd1 46.Kh3 h5 47.f4 
Rd5 48.Bc1 Bc3 49.Be3 g4+ 50.Kg2 Bb4 51.Rc2 Rd3 52.Bf2 Rd2 53.Rxd2 Bxd2 
54.Kf1 f5 55.Ke2 Bb4 56.Kf1 Ke6 57.Kg2 Kd5 58.h3 Ke4 59.hxg4 hxg4 60.Kf1 
Kd3 1-0

[Event "R1 - Muret2/Tournefeuille3"]
[Site "Villeneuve"]
[Date "2007.04.01"]
[Round "7"]
[White "Fora, JP."]
[Black "Cazarre, N."]
[Result "1-0"]
[WhiteElo "1630"]
[BlackElo "1099"]
[EventDate "2007.??.??"]
[PlyCount "85"]

1.c4 e5 2.Nc3 Nf6 3.g3 Nc6 4.Bg2 g6 5.e4 Bb4 6.d3 Bxc3+ 7.bxc3 d6 8.Nf3 
Bg4 9.Qb3 Bxf3 10.Bxf3 Qd7 11.Qxb7 Rb8 12.Qa6 Rb6 13.Qa4 O-O 14.O-O Re8 
15.Be3 Rb7 16.d4 Reb8 17.d5 Ne7 18.Qxd7 Nxd7 19.h4 f5 20.exf5 Nxf5 21.Bd2 
Rb2 22.Rfd1 Nc5 23.Be1 e4 24.Bg2 e3 25.fxe3 Nxe3 26.Rd2 Nxc4 27.Rxb2 Rxb2 
28.Bf2 a5 29.Bd4 Rc2 30.Bh3 Na4 31.Rf1 Nc5 32.Rf2 Rxf2 33.Kxf2 Nd3+ 34.Kf3
Nc1 35.a4 Nb2 36.Bd7 c5 37.dxc6 Nc4 38.Be6+ Kf8 39.Bxc4 Ke8 40.Bf6 h5 41.
c7 Kd7 42.Bd8 Kc8 43.Be6+ 1-0

[Event "R1 - Muret/Figeac"]
[Site "Villeneuve"]
[Date "2007.04.01"]
[Round "7"]
[White "Paillard, Jean"]
[Black "Barraud, Cclaudine"]
[Result "1-0"]
[WhiteElo "1340"]
[BlackElo "1350"]
[EventDate "2007.??.??"]
[PlyCount "79"]

1.e4 e5 2.Nf3 Nc6 3.Bc4 h6 4.O-O Bc5 5.b4 Bxb4 6.c3 Ba5 7.d4 Nf6 8.dxe5 
Nxe4 9.Qd5 Qe7 10.Qxe4 b6 11.Bb2 Bb7 12.Nd4 O-O-O 13.Bd5 Rhe8 14.Nd2 Qxe5 
15.Rae1 Qg5 16.f4 Rxe4 17.fxg5 Rxe1 18.Rxe1 Nxd4 19.c4 Bxd2 20.Re5 Nc2 21.
Re2 Be3+ 22.Kf1 Bxd5 23.cxd5 Re8 24.Bxg7 hxg5 25.Rxc2 Bc5 26.Bf6 Kb7 27.
Bxg5 Re5 28.h4 Rxd5 29.g4 Rd1+ 30.Kg2 Rd3 31.h5 Bd4 32.Bf4 Rd1 33.Kf3 a5 
34.Rxc7+ Ka6 35.Rxd7 Rd3+ 36.Ke4 Ra3 37.Rxd4 Rxa2 38.h6 Rc2 39.h7 Rc8 40.
Be5 1-0

[Event "R1 - Muret/Figeac"]
[Site "Villeneuve"]
[Date "2007.04.01"]
[Round "7"]
[White "Maloffre, Vincent"]
[Black "Haezebaert, Philippe"]
[Result "0-1"]
[WhiteElo "1710"]
[BlackElo "2024"]
[EventDate "2007.??.??"]
[PlyCount "92"]

1.e4 c5 2.Nf3 e6 3.d4 cxd4 4.Nxd4 a6 5.Nc3 b5 6.Bd2 Bb7 7.Bd3 Qb6 8.Nb3 
Nc6 9.Be3 Qc7 10.O-O Nf6 11.f3 Bb4 12.Ne2 Rd8 13.a3 Be7 14.Bd2 d5 15.Ng3 
h5 16.exd5 Rxd5 17.Ne4 Ne5 18.Nxf6+ Bxf6 19.Be4 Rd7 20.Bxb7 Qxb7 21.Qe2 
Nc4 22.Bc3 Qb6+ 23.Kh1 Bxc3 24.bxc3 O-O 25.a4 Rfd8 26.axb5 axb5 27.Rfd1 
Rxd1+ 28.Rxd1 Rxd1+ 29.Qxd1 Qf2 30.Nd4 e5 31.Qe2 Qxe2 32.Nxe2 Ne3 33.Kg1 
Nxc2 34.Ng3 g6 35.Ne4 Kf8 36.Nd6 Na3 37.Kf2 Ke7 38.Ne4 f5 39.Nd2 Kd6 40.
Ke2 Kd5 41.Kd3 Nc4 42.Nb3 Nd6 43.Nd2 e4+ 44.Ke3 Nc4+ 45.Ke2 Nxd2 46.Kxd2 
Kc4 0-1

[Event "R1 - Muret/Figeac"]
[Site "Villeneuve"]
[Date "2007.04.01"]
[Round "7"]
[White "Luis, Henri"]
[Black "Doye, Jean-Marie"]
[Result "1-0"]
[WhiteElo "1780"]
[BlackElo "1649"]
[EventDate "2007.??.??"]
[PlyCount "72"]

1.b4 d5 2.Bb2 e6 3.e3 Nf6 4.a3 Nbd7 5.Nf3 Bd6 6.c4 c6 7.d4 b6 8.c5 Be7 9.
Bd3 h6 10.Nc3 a5 11.O-O Ba6 12.Na4 Bxd3 13.Qxd3 b5 14.Nc3 Nh7 15.Ne5 Nxe5 
16.dxe5 O-O 17.Ne2 f6 18.Rad1 axb4 19.axb4 Qc7 20.Nf4 Qa7 21.e4 fxe5 22.
Ng6 Rfe8 23.Nxe5 Qc7 24.exd5 exd5 25.Ng4 h5 26.Qg6 Bg5 27.Qxh5 Re6 28.h4 
Rh6 29.Nxh6+ Bxh6 30.Rfe1 Qd7 31.Re2 Ra2 32.Rde1 d4 33.Re8+ Nf8 34.R1e7 
Qxe7 35.Rxe7 Rxb2 36.Qf7+ Kh7 1-0

[Event "R1 - Muret/Figeac"]
[Site "Villeneuve"]
[Date "2007.04.01"]
[Round "7"]
[White "Heude, Jean-Noel"]
[Black "Jay, Georges"]
[Result "1-0"]
[WhiteElo "1320"]
[BlackElo "1499"]
[EventDate "2007.??.??"]
[PlyCount "58"]

1.d4 d5 2.c4 dxc4 3.e4 Be6 4.d5 Bd7 5.Bxc4 b5 6.Bd3 c6 7.dxc6 Bxc6 8.Qe2 
e5 9.Nf3 Bd6 10.Bxb5 Qa5+ 11.Nc3 Nf6 12.Bxc6+ Nxc6 13.Bd2 O-O 14.Nd5 Qc5 
15.Nxf6+ gxf6 16.Bh6 Rfd8 17.Rc1 Qa5+ 18.Nd2 Ne7 19.O-O Ng6 20.h4 Nxh4 21.
Qg4+ Ng6 22.Nf3 Bf8 23.Be3 Bg7 24.g3 Rab8 25.Nh4 Rb4 26.Rc2 Qa4 27.f3 Qxc2
28.f4 Rxb2 29.f5 Qh2# 1-0

[Event "R1 - Muret/Figeac"]
[Site "Villeneuve"]
[Date "2007.04.01"]
[Round "7"]
[White "Hegray, Charlie"]
[Black "Grimmer, Eric"]
[Result "1-0"]
[WhiteElo "1560"]
[BlackElo "1499"]
[EventDate "2007.??.??"]
[PlyCount "34"]

1.d4 d5 2.Nf3 Nc6 3.Nc3 Nf6 4.Bf4 a6 5.h4 g6 6.Ng5 Bf5 7.a3 e6 8.f3 Bg7 9.
e4 dxe4 10.g4 e5 11.dxe5 Qxd1+ 12.Rxd1 Bd7 13.exf6 Bxf6 14.Ngxe4 Ne5 15.
Nxf6+ Ke7 16.Bxe5 Bc6 17.Nfd5+ Ke6 1-0

[Event "R1 - Muret/Figeac"]
[Site "Villeneuve"]
[Date "2007.04.01"]
[Round "7"]
[White "Boschetti, Patrick"]
[Black "Hégray, Romain"]
[Result "0-1"]
[WhiteElo "1499"]
[BlackElo "1750"]
[EventDate "2007.??.??"]
[PlyCount "122"]

1.e4 e5 2.Nc3 d6 3.Be2 Nc6 4.Nf3 Be6 5.a3 Qd7 6.d3 O-O-O 7.O-O f5 8.Bg5 
Nf6 9.d4 Nxd4 10.Nxd4 exd4 11.Qxd4 h6 12.Bxf6 gxf6 13.Qxa7 c6 14.b4 Qc7 
15.Rab1 fxe4 16.Nxe4 f5 17.Qa8+ Qb8 18.Qxb8+ Kxb8 19.Nd2 Bg7 20.h3 Rhg8 
21.Rfe1 Bc3 22.Rbd1 Bd5 23.f3 Rg7 24.Bd3 Rdg8 25.Re2 Rg3 26.Rf1 Rxh3 27.
Bxf5 Bd4+ 28.Rff2 Bxf2+ 29.Rxf2 Rh5 30.Be4 Bxe4 31.Nxe4 Re8 32.g3 d5 33.
Nf6 Re1+ 34.Kg2 Rhh1 35.f4 Reg1+ 36.Kf3 Rf1 37.Rxf1 Rxf1+ 38.Kg4 Kc8 39.
Ng8 Rh1 40.f5 Kd8 41.Nf6 Ke7 42.Nh5 Rc1 43.f6+ Ke6 44.Kf4 Rxc2 45.a4 Rh2 
46.g4 Rb2 47.b5 cxb5 48.axb5 Rxb5 49.Ke3 Rc5 50.Kd3 b5 51.Kd4 Rc4+ 52.Ke3 
b4 53.Nf4+ Kxf6 54.Nxd5+ Ke5 55.Nb6 Rd4 56.Na4 b3 57.Nb2 Rxg4 58.Kf3 Rg7 
59.Nc4+ Kd4 60.Nb2 h5 61.Kf4 h4 0-1

[Event "R1 - CEIT / Tarbes"]
[Site "Villeneuve"]
[Date "2007.04.01"]
[Round "7"]
[White "Pinel, Stéphane"]
[Black "Martinez, Benito"]
[Result "1-0"]
[WhiteElo "1850"]
[BlackElo "1810"]
[EventDate "2007.??.??"]
[PlyCount "139"]

1.e4 e5 2.Nf3 Nc6 3.Bb5 Nge7 4.c3 Ng6 5.O-O Be7 6.d4 exd4 7.cxd4 a6 8.Ba4 
b5 9.Bc2 Bb7 10.Re1 O-O 11.Nbd2 d6 12.Nf1 Qd7 13.Ng3 Rad8 14.Bg5 Rfe8 15.
Rc1 h6 16.Bxe7 Ncxe7 17.Qd2 c6 18.h3 Qc7 19.h4 Qd7 20.h5 Nf8 21.Bb3 Qg4 
22.e5 d5 23.Bc2 Kh8 24.Nh2 Qh4 25.Qe3 Bc8 26.Rcd1 Ng8 27.Qf3 Re7 28.Bf5 
Ne6 29.Bg4 Rc7 30.Nf5 Qg5 31.Qg3 g6 32.hxg6 fxg6 33.Nd6 Re7 34.Nf3 Qf4 35.
Qxf4 Nxf4 36.Nxc8 h5 37.Nxe7 hxg4 38.Ng5 Re8 39.Nxc6 Kg7 40.Nb4 a5 41.g3 
Nh3+ 42.Nxh3 axb4 43.Nf4 Ne7 44.Rd2 Rc8 45.Ne6+ Kf7 46.Nc5 g5 47.Re3 Ra8 
48.b3 Nf5 49.Red3 Ke7 50.Kg2 Rh8 51.f3 Nh6 52.f4 gxf4 53.gxf4 Nf5 54.Kg1 
Ra8 55.Rh2 Kf7 56.Rdd2 g3 57.Rh7+ Kg6 58.Rd7 Nh4 59.Rxd5 Nf3+ 60.Kg2 Nxd2 
61.Kxg3 Rxa2 62.e6 Nf1+ 63.Kf3 Nh2+ 64.Ke3 Nf1+ 65.Ke4 Re2+ 66.Kf3 Rc2 67.
f5+ Kf6 68.Ne4+ Ke7 69.Rd7+ Ke8 70.Nf6+ 1-0

[Event "R1 - CEIT / Tarbes"]
[Site "Villeneuve"]
[Date "2007.04.01"]
[Round "7"]
[White "Grimal, Richard"]
[Black "Rigal, Samy"]
[Result "1-0"]
[WhiteElo "1610"]
[BlackElo "1850"]
[EventDate "2007.??.??"]
[PlyCount "87"]

1.d4 d5 2.Nf3 Nf6 3.e3 c6 4.Nbd2 Bf5 5.Be2 h6 6.O-O e6 7.c4 Nbd7 8.h3 Bd6 
9.c5 Bc7 10.b4 b6 11.Bb2 O-O 12.Rc1 Qb8 13.Qa4 b5 14.Qb3 e5 15.dxe5 Nxe5 
16.Nxe5 Bxe5 17.Nf3 Bxb2 18.Qxb2 Re8 19.Qb3 Ne4 20.Bd3 Qd8 21.Qc2 Qf6 22.
Kh2 a5 23.bxa5 Rxa5 24.Nd4 Bd7 25.f3 Qe5+ 26.f4 Qh5 27.Bxe4 Rxe4 28.Rf3 
Ra3 29.Qd2 Qg6 30.Rg3 Qf6 31.Rc3 Ra8 32.a3 Ra4 33.Nf3 Rac4 34.Ne5 Rxc3 35.
Nxd7 Qe7 36.Qxc3 d4 37.exd4 Qxd7 38.d5 g6 39.dxc6 Qxc6 40.Rd3 Kf8 41.Qh8+ 
Ke7 42.Qd8+ Ke6 43.Rd6+ Qxd6 44.Qxd6+ 1-0

[Event "R1 - CEIT / Tarbes"]
[Site "Villeneuve"]
[Date "2007.04.01"]
[Round "7"]
[White "Brauckmann, Hartwich"]
[Black "Aznar, Georges"]
[Result "1-0"]
[WhiteElo "1690"]
[BlackElo "1500"]
[EventDate "2007.??.??"]
[PlyCount "115"]

1.d4 d5 2.Bf4 Nf6 3.e3 a6 4.c4 dxc4 5.Bxc4 e6 6.Nf3 Bb4+ 7.Nc3 Ne4 8.Qc2 
Bxc3+ 9.bxc3 Nf6 10.h3 b5 11.Be2 Bb7 12.O-O Be4 13.Qb3 O-O 14.a4 Bd5 15.
Qb2 bxa4 16.Rxa4 Qc8 17.Rfa1 Nfd7 18.c4 Be4 19.c5 Nf6 20.Nd2 Bc6 21.Ra5 
Rd8 22.Nc4 Bb7 23.Ne5 Nc6 24.Nxc6 Bxc6 25.Rxa6 Rb8 26.Qa3 Bb7 27.Ra7 Nd5 
28.Bg3 Ne7 29.Bf3 Rd7 30.Rxb7 Rxb7 31.Bxb7 Qb8 32.Qa8 Rd8 33.Qxb8 Rxb8 34.
Bxc7 Re8 35.Ra8 Rxa8 36.Bxa8 Kf8 37.Bd6 Ke8 38.Bxe7 Kxe7 39.Kf1 Kd7 40.Ke2
Kc7 41.Kd3 f5 42.d5 exd5 43.Bxd5 g6 44.h4 h6 45.Kd4 g5 46.hxg5 hxg5 47.g3 
Kd7 48.Ke5 f4 49.exf4 gxf4 50.Kxf4 Ke7 51.Ke5 Kd7 52.Kf6 Kc7 53.g4 Kd7 54.
g5 Ke8 55.g6 Kf8 56.g7+ Ke8 57.Ke6 Kd8 58.Kd6 1-0

[Event "R1 - Blaye / Castel"]
[Site "VILLENEUVE TOLOSANE"]
[Date "2007.04.01"]
[Round "7"]
[White "Tillol, Jean-Claude"]
[Black "Valat, Jean-Marie"]
[Result "0-1"]
[WhiteElo "1710"]
[BlackElo "1710"]
[EventDate "2007.??.??"]
[PlyCount "112"]

1.e4 c5 2.c3 Nc6 3.Nf3 d6 4.Bb5 Bd7 5.d4 cxd4 6.Nxd4 Nxd4 7.Bxd7+ Qxd7 8.
cxd4 g6 9.Nc3 e6 10.Qd3 a6 11.O-O Bg7 12.d5 e5 13.f4 Ne7 14.Rb1 O-O 15.b3 
Rac8 16.Na4 Qc7 17.Bb2 b5 18.Rbc1 Qa7+ 19.Kh1 bxa4 20.Ba3 Rxc1 21.Rxc1 Rc8
22.Rf1 Qb6 23.Qf3 Rf8 24.Qh3 exf4 25.Qd7 Nc8 26.Qxa4 Be5 27.Rc1 Na7 28.Rf1
Qb5 29.Qc4 Rc8 30.Qxb5 axb5 31.Bb4 Rc2 32.a3 Rb2 33.Kg1 Nc8 34.Rc1 Ne7 35.
Rc7 Kf8 36.Rb7 Bd4+ 37.Kf1 Bc5 38.Bc3 Rxb3 39.Rb8+ Nc8 40.Bf6 Ke8 41.Rxc8+
Kd7 42.Rf8 Rxa3 43.Rxf7+ Kc8 44.Rxh7 Ra2 45.e5 Rf2+ 46.Ke1 Rxg2 47.e6 f3 
48.Rh8+ Kb7 49.Bh4 Be3 50.Kd1 Rd2+ 51.Ke1 Rc2 52.Rh7+ Ka6 53.Kf1 Rc1+ 54.
Be1 f2 55.e7 Rxe1+ 56.Kg2 f1=Q+ 0-1

[Event "R1 - Blaye / Castel"]
[Site "VILLENEUVE TOLOSANE"]
[Date "2007.04.01"]
[Round "7"]
[White "Riviere, Frédéric"]
[Black "Olle, Jean-Pierre"]
[Result "1-0"]
[WhiteElo "1840"]
[BlackElo "1870"]
[EventDate "2007.??.??"]
[PlyCount "37"]

1.e4 c5 2.Nf3 Nc6 3.d4 cxd4 4.Nxd4 Nf6 5.Nc3 e5 6.Ndb5 a6 7.Nd6+ Bxd6 8.
Qxd6 Qe7 9.Qxe7+ Nxe7 10.Bg5 b5 11.Rd1 b4 12.Bxf6 gxf6 13.Na4 Ng6 14.Nb6 
Rb8 15.Nd5 Nf4 16.Nxf6+ Ke7 17.Ng4 d6 18.Ne3 Bb7 19.Nf5+ 1-0

[Event "R1 - Blaye / Castel"]
[Site "VILLENEUVE TOLOSANE"]
[Date "2007.04.01"]
[Round "7"]
[White "Prieur, Axel"]
[Black "Grard, Alain"]
[Result "1-0"]
[WhiteElo "1640"]
[BlackElo "1610"]
[EventDate "2007.??.??"]
[PlyCount "61"]

1.e4 e5 2.Nf3 Nc6 3.d4 exd4 4.Bc4 h6 5.O-O Bc5 6.c3 dxc3 7.Nxc3 Nge7 8.a3 
O-O 9.b4 Nxb4 10.axb4 Bxb4 11.Bb2 d6 12.Nh4 Be6 13.Bxe6 fxe6 14.Qg4 e5 15.
Ne2 Rf7 16.f4 Nc6 17.Nf5 Kh7 18.Rf3 Qf8 19.Rh3 Rf6 20.Nh4 Bc5+ 21.Kh1 Bd4 
22.Bxd4 Nxd4 23.f5 c5 24.Ng6 Qf7 25.Nc3 Qc4 26.Nd5 Rf7 27.Nge7 Rxe7 28.
Qg6+ Kg8 29.Nxe7+ Kf8 30.Nd5 Nb5 31.f6 1-0